000 00306nam a22001217a 4500
082 _a297 KHA
100 _aDR.C.M.ANWAR KHAN
_966912
245 _aISLAMIC REALISM AND 21ST CENTURY
260 _aISLAMABAD
_bHAQUE
_c1991
300 _a255P
650 _aISLAMIC REALISM AND 21ST CENTURY
_966913
942 _cBK
999 _c574775
_d574775